STRATEGIC MANAGEMENT (Record no. 7849)

MARC details
000 -LEADER
fixed length control field 00586nam a22002057a 4500
003 - CONTROL NUMBER IDENTIFIER
control field OSt
005 - DATE AND TIME OF LATEST TRANSACTION
control field 20220325112305.0
008 - FIXED-LENGTH DATA ELEMENTS--GENERAL INFORMATION
fixed length control field 220325b ||||| |||| 00| 0 eng d
020 ## - INTERNATIONAL STANDARD BOOK NUMBER
International Standard Book Number 9789814577373
040 ## - CATALOGING SOURCE
Transcribing agency DDC
082 ## - DEWEY DECIMAL CLASSIFICATION NUMBER
Classification number 658.4 PEA , 2015
100 ## - MAIN ENTRY--PERSONAL NAME
Personal name PEARCE JOHN. A
9 (RLIN) 15963
245 ## - TITLE STATEMENT
Title STRATEGIC MANAGEMENT
Remainder of title PLANNING FOR DOMESTIC AND GLOBAL COMPETITION
250 ## - EDITION STATEMENT
Edition statement 4TH ED.
260 ## - PUBLICATION, DISTRIBUTION, ETC. (IMPRINT)
Place of publication, distribution, etc. NEWYORK:
Name of publisher, distributor, etc. MC GRAW HILL,
Date of publication, distribution, etc. 2015
300 ## - PHYSICAL DESCRIPTION
Extent XXI,450P.
Other physical details ILL.
Dimensions 25CM
504 ## - BIBLIOGRAPHY, ETC. NOTE
Bibliography, etc INCLUDES CASES, FEFERENCES, AND INDEX
650 ## - SUBJECT ADDED ENTRY--TOPICAL TERM
Topical term or geographic name as entry element STATEGIC MANAGEMENT
9 (RLIN) 15964
942 ## - ADDED ENTRY ELEMENTS (KOHA)
Source of classification or shelving scheme Dewey Decimal Classification
Koha item type Book
Holdings
Withdrawn status Lost status Source of classification or shelving scheme Damaged status Not for loan Home library Current library Date acquired Source of acquisition Inventory number Total Checkouts Full call number Barcode Date last seen Price effective from Koha item type
    Dewey Decimal Classification     Faculty of Management Science Library Faculty of Management Science Library 25/03/2022 Purchase 17/40117   658.4 PEA , 2015 2022-0569 25/03/2022 25/03/2022 Book